Welcome to WEB OPAC of MRSPTU Central Library

English sahit's anupam poems (Record no. 4396)

MARC details
000 -LEADER
fixed length control field 00344nam a2200145Ia 4500
008 - FIXED-LENGTH DATA ELEMENTS--GENERAL INFORMATION
fixed length control field 230711s9999||||xx |||||||||||||| ||und||
041 ## - LANGUAGE CODE
Language code of text/sound track or separate title ENG
082 ## - DEWEY DECIMAL CLASSIFICATION NUMBER
Classification number 800
Item number SU-E
100 ## - MAIN ENTRY--PERSONAL NAME
Personal name Sudharshan,M.A
245 #0 - TITLE STATEMENT
Title English sahit's anupam poems
250 ## - EDITION STATEMENT
Edition statement 1st Ed.
260 ## - PUBLICATION, DISTRIBUTION, ETC.
Date of publication, distribution, etc. 2007
Place of publication, distribution, etc. New Delhi
Name of publisher, distributor, etc. Falcon Books
650 ## - SUBJECT ADDED ENTRY--TOPICAL TERM
Topical term or geographic name entry element Literature
942 ## - ADDED ENTRY ELEMENTS (KOHA)
Koha item type Book
Holdings
Withdrawn status Lost status Damaged status Not for loan Collection Home library Current library Date acquired Total checkouts Full call number Barcode Date last seen Price effective from Koha item type
          MRSPTU Central Library MRSPTU Central Library     800 SU-E 15029 08/17/2023 08/17/2023 Book
          MRSPTU Central Library MRSPTU Central Library     800 SU-E 15030 08/17/2023 08/17/2023 Book
          MRSPTU Central Library MRSPTU Central Library     800 SU-E 15031 08/17/2023 08/17/2023 Book
          MRSPTU Central Library MRSPTU Central Library     800 SU-E 15032 08/17/2023 08/17/2023 Book
          MRSPTU Central Library MRSPTU Central Library     800 SU-E 15033 08/17/2023 08/17/2023 Book
          MRSPTU Central Library MRSPTU Central Library     800 SU-E 15034 08/17/2023 08/17/2023 Book
          MRSPTU Central Library MRSPTU Central Library     800 SU-E 15035 01/29/2024 08/17/2023 Book
          MRSPTU Central Library MRSPTU Central Library     800 SU-E 15036 08/17/2023 08/17/2023 Book
          MRSPTU Central Library MRSPTU Central Library     800 SU-E 15037 08/17/2023 08/17/2023 Book
          MRSPTU Central Library MRSPTU Central Library     800 SU-E 15038 08/17/2023 08/17/2023 Book

Website Designed and Developed by MRSPTU Central Library Team

E-mail Id: librarian@mrsptu.ac.in